[Event "European Rapid Championship 2021"]
[Site "Katowice"]
[Date "2021.12.19"]
[Round "8.19"]
[White "Spalir, Jernej"]
[Black "Kanicki, Krzysztof"]
[Result "1/2-1/2"]
[WhiteElo "2340"]
[BlackElo "2004"]
[Annotator "NA"]
[PlyCount "108"]
[EventDate "2021.12.18"]
[EventType "swiss"]
[EventCountry "POL"]
[SourceTitle "playchess.com"]
[Source "ChessBase"]
[SourceQuality "1"]
[TimeControl "900+10"]

1. d4 {[%emt 0:00:04]} d5 {[%emt 0:00:03]} 2. c4 {[%emt 0:00:02]} c6 {[%emt 0:
00:01]} 3. Nf3 {[%emt 0:00:02]} Nf6 {[%emt 0:00:01]} 4. Nc3 {[%emt 0:00:02]} e6
{[%emt 0:00:08]} 5. e3 {[%emt 0:00:02]} Nbd7 {[%emt 0:00:02]} 6. Qc2 {[%emt 0:
00:02]} Bd6 {[%emt 0:00:05]} 7. g4 {[%emt 0:00:06]} h6 {[%emt 0:00:48]} 8. g5 {
[%emt 0:00:40]} hxg5 {[%emt 0:00:14]} 9. Nxg5 {[%emt 0:00:02]} a6 {[%emt 0:01:
44]} 10. Bd2 {[%emt 0:00:52]} b5 {[%emt 0:00:39]} 11. c5 {[%emt 0:00:15]} Bc7 {
[%emt 0:00:11]} 12. f4 {[%emt 0:00:03]} a5 {[%emt 0:00:40]} 13. Bd3 {[%emt 0:
00:03]} Qe7 {[%emt 0:00:10]} 14. a3 {[%emt 0:00:38]} Nf8 {[%emt 0:02:37]} 15.
O-O-O {[%emt 0:00:10]} N6d7 {[%emt 0:02:09]} 16. Rdg1 {[%emt 0:00:49]} g6 {
[%emt 0:00:55]} 17. e4 {[%emt 0:02:32]} dxe4 {[%emt 0:00:25]} 18. Bxe4 {
[%emt 0:00:02]} Ra6 {[%emt 0:00:08]} 19. Re1 {[%emt 0:00:16]} Nf6 {[%emt 0:00:
07]} 20. Bf3 {[%emt 0:00:29]} N8h7 {[%emt 0:00:54]} 21. h4 {[%emt 0:00:54]} Bd7
{[%emt 0:00:14]} 22. Nxh7 {[%emt 0:02:16]} Rxh7 {[%emt 0:00:11]} 23. f5 {
[%emt 0:00:01]} gxf5 {[%emt 0:00:15]} 24. Bg5 {[%emt 0:00:01]} Bd8 {[%emt 0:00:
39]} 25. Qg2 {[%emt 0:00:37]} Rh8 {[%emt 0:01:25]} 26. Kb1 {[%emt 0:00:34]} b4
{[%emt 0:01:29]} 27. Ne2 {[%emt 0:00:02]} Qf8 {[%emt 0:00:48]} 28. Nf4 {
[%emt 0:00:28]} Be7 {[%emt 0:00:50]} 29. a4 {[%emt 0:01:13]} Kd8 {[%emt 0:00:
08]} 30. Nd3 {[%emt 0:00:06]} Nd5 {[%emt 0:00:33]} 31. Bxd5 {[%emt 0:00:38]}
cxd5 {[%emt 0:00:05]} 32. b3 {[%emt 0:00:03]} Bc6 {[%emt 0:00:56]} 33. Qg3 {
[%emt 0:00:27]} Kc8 {[%emt 0:00:13]} 34. Qe5 {[%emt 0:00:28]} Rg8 {[%emt 0:00:
31]} 35. Bxe7 {[%emt 0:00:09]} Qxe7 {[%emt 0:00:02]} 36. Qxf5 {[%emt 0:00:07]}
exf5 {[%emt 0:00:32]} 37. Rxe7 {[%emt 0:00:01]} Bd7 {[%emt 0:00:10]} 38. Ne5 {
[%emt 0:00:05]} Be6 {[%emt 0:00:03]} 39. Nxf7 {[%emt 0:00:27]} Bxf7 {[%emt 0:
00:02]} 40. Rxf7 {[%emt 0:00:01]} Re6 {[%emt 0:00:27]} 41. Rh2 {[%emt 0:01:46]}
Re3 {[%emt 0:00:06]} 42. Ka2 {[%emt 0:00:11]} Rgg3 {[%emt 0:00:07]} 43. Rb2 {
[%emt 0:00:01]} Re1 {[%emt 0:00:11]} 44. Rxf5 {[%emt 0:00:10]} Rgg1 {[%emt 0:
00:05]} 45. Rbf2 {[%emt 0:00:01]} Ra1+ {[%emt 0:00:03]} 46. Kb2 {[%emt 0:00:01]
} Rgc1 {[%emt 0:00:27]} 47. Rf8+ {[%emt 0:00:08]} Kd7 {[%emt 0:00:10]} 48. c6+
{[%emt 0:00:04]} Ke7 {[%emt 0:00:03]} 49. R8f7+ {[%emt 0:00:08]} Ke8 {[%emt 0:
00:06]} 50. Rf8+ {[%emt 0:00:12]} Ke7 {[%emt 0:00:01]} 51. R2f7+ {[%emt 0:00:
00]} Ke6 {[%emt 0:00:06]} 52. Rf6+ {[%emt 0:00:08]} Ke7 {[%emt 0:00:01]} 53.
R6f7+ {[%emt 0:00:00]} Ke6 {[%emt 0:00:01]} 54. Rf6+ {[%emt 0:00:01]} Ke7 {
[%emt 0:00:00]} 1/2-1/2

[Event "European Rapid Championship 2021"]
[Site "Katowice"]
[Date "2021.12.19"]
[Round "8.19"]
[White "Koziorowicz, Michal"]
[Black "Papasimakopoulos, Alexandros"]
[Result "1/2-1/2"]
[WhiteElo "2041"]
[BlackElo "2274"]
[Annotator "ChessBase"]
[PlyCount "166"]
[EventDate "2021.12.18"]
[EventType "swiss"]
[EventCountry "POL"]
[SourceTitle "playchess.com"]
[Source "ChessBase"]
[SourceQuality "1"]
[TimeControl "900+10"]

1. e4 {[%emt 0:00:01]} e6 {[%emt 0:00:01]} 2. d4 {[%emt 0:00:03]} d5 {[%emt 0:
00:02]} 3. Nd2 {[%emt 0:00:01]} Be7 {[%emt 0:00:04]} 4. Bd3 {[%emt 0:00:03]} c5
{[%emt 0:00:02]} 5. dxc5 {[%emt 0:00:09]} Bxc5 {[%emt 0:00:02]} 6. Ngf3 {
[%emt 0:00:03]} Nc6 {[%emt 0:00:02]} 7. O-O {[%emt 0:00:05]} Nge7 {[%emt 0:01:
10]} 8. a3 {[%emt 0:01:01]} a5 {[%emt 0:00:04]} 9. b3 {[%emt 0:00:10]} O-O {
[%emt 0:00:07]} 10. Bb2 {[%emt 0:01:13]} Ng6 {[%emt 0:00:04]} 11. b4 {[%emt 0:
01:26]} Bd6 {[%emt 0:01:28]} 12. c4 {[%emt 0:01:32]} Nce5 {[%emt 0:00:20]} 13.
Be2 {[%emt 0:00:41]} dxc4 {[%emt 0:01:52]} 14. Nxe5 {[%emt 0:02:16]} Bxe5 {
[%emt 0:00:11]} 15. Bxe5 {[%emt 0:00:06]} Nxe5 {[%emt 0:00:01]} 16. Nxc4 {
[%emt 0:00:04]} Nxc4 {[%emt 0:00:05]} 17. Bxc4 {[%emt 0:00:02]} Qe7 {[%emt 0:
01:33]} 18. Qb3 {[%emt 0:00:21]} b6 {[%emt 0:00:11]} 19. bxa5 {[%emt 0:00:41]}
bxa5 {[%emt 0:00:03]} 20. Rab1 {[%emt 0:00:08]} Qh4 {[%emt 0:01:28]} 21. Be2 {
[%emt 0:01:26]} Ba6 {[%emt 0:00:05]} 22. Bxa6 {[%emt 0:00:05]} Rxa6 {[%emt 0:
00:01]} 23. Rfe1 {[%emt 0:00:02]} h6 {[%emt 0:00:34]} 24. Qb5 {[%emt 0:00:12]}
Raa8 {[%emt 0:00:03]} 25. Rb3 {[%emt 0:00:32]} Qf6 {[%emt 0:00:19]} 26. Rf3 {
[%emt 0:00:22]} Qd4 {[%emt 0:00:08]} 27. Rd3 {[%emt 0:00:05]} Qf6 {[%emt 0:00:
23]} 28. Qh5 {[%emt 0:00:25]} a4 {[%emt 0:02:09]} 29. Rg3 {[%emt 0:00:18]} Rac8
{[%emt 0:00:54]} 30. h3 {[%emt 0:01:40]} Rc2 {[%emt 0:00:20]} 31. Re2 {[%emt 0:
00:02]} Qa1+ {[%emt 0:00:30]} 32. Kh2 {[%emt 0:00:02]} Rc1 {[%emt 0:00:01]} 33.
Rd3 {[%emt 0:00:58]} Rh1+ {[%emt 0:01:09]} 34. Kg3 {[%emt 0:00:01]} Qg1 {
[%emt 0:00:03]} 35. Rd7 {[%emt 0:00:45]} e5 {[%emt 0:00:20]} 36. Kf3 {[%emt 0:
00:45]} Rh2 {[%emt 0:01:33]} 37. Qg4 {[%emt 0:00:08]} Qc1 {[%emt 0:00:06]} 38.
Re3 {[%emt 0:00:31]} Rh1 {[%emt 0:00:40]} 39. Red3 {[%emt 0:00:08]} Qc6 {
[%emt 0:01:59]} 40. Qf5 {[%emt 0:00:35]} Rf1 {[%emt 0:01:02]} 41. Rxf7 {
[%emt 0:00:46]} Qc5 {[%emt 0:00:29]} 42. Rxf8+ {[%emt 0:00:07]} Qxf8 {[%emt 0:
00:01]} 43. Qxf8+ {[%emt 0:00:01]} Kxf8 {[%emt 0:00:01]} 44. Rd8+ {[%emt 0:00:
01]} Ke7 {[%emt 0:00:02]} 45. Ra8 {[%emt 0:00:00]} Kf6 {[%emt 0:00:02]} 46.
Rxa4 {[%emt 0:00:21]} Ra1 {[%emt 0:00:03]} 47. Ra6+ {[%emt 0:00:08]} Kf7 {
[%emt 0:00:01]} 48. Kg4 {[%emt 0:00:38]} Ra2 {[%emt 0:00:01]} 49. Kg3 {[%emt 0:
00:09]} h5 {[%emt 0:00:05]} 50. Kf3 {[%emt 0:00:11]} g5 {[%emt 0:00:09]} 51. g3
{[%emt 0:00:15]} Rb2 {[%emt 0:00:07]} 52. Kg2 {[%emt 0:00:31]} Re2 {[%emt 0:00:
16]} 53. Kf3 {[%emt 0:00:43]} Rb2 {[%emt 0:00:02]} 54. a4 {[%emt 0:00:14]} Rb3+
{[%emt 0:00:01]} 55. Kg2 {[%emt 0:00:21]} Rb4 {[%emt 0:00:02]} 56. f3 {[%emt 0:
00:01]} Rb2+ {[%emt 0:00:04]} 57. Kf1 {[%emt 0:00:02]} Rb3 {[%emt 0:00:17]} 58.
Ke2 {[%emt 0:00:02]} Rb2+ {[%emt 0:00:00]} 59. Kd3 {[%emt 0:00:11]} Rb3+ {
[%emt 0:00:01]} 60. Kc4 {[%emt 0:00:01]} Rxf3 {[%emt 0:00:02]} 61. Rh6 {
[%emt 0:00:05]} Rxg3 {[%emt 0:00:55]} 62. Rxh5 {[%emt 0:00:23]} Kg6 {[%emt 0:
00:01]} 63. Rh8 {[%emt 0:00:01]} Kg7 {[%emt 0:00:01]} 64. Re8 {[%emt 0:00:04]}
Kf6 {[%emt 0:00:27]} 65. a5 {[%emt 0:00:36]} Rxh3 {[%emt 0:00:11]} 66. a6 {
[%emt 0:00:01]} Ra3 {[%emt 0:00:06]} 67. Kb5 {[%emt 0:00:02]} g4 {[%emt 0:00:
24]} 68. Rg8 {[%emt 0:00:27]} g3 {[%emt 0:00:02]} 69. Kb6 Rb3+ {[%emt 0:00:01]}
70. Kc6 {[%emt 0:00:22]} Ra3 {[%emt 0:00:01]} 71. Kb7 {[%emt 0:00:03]} Rb3+ {
[%emt 0:00:01]} 72. Ka8 {[%emt 0:00:01]} Re3 {[%emt 0:00:22]} 73. a7 {[%emt 0:
00:24]} Rxe4 {[%emt 0:00:02]} 74. Kb7 {[%emt 0:00:01]} Ra4 {[%emt 0:00:17]} 75.
Rxg3 {[%emt 0:00:19]} e4 {[%emt 0:00:17]} 76. Rb3 {[%emt 0:00:17]} Ke5 {
[%emt 0:00:19]} 77. Rb6 {[%emt 0:00:21]} Rxa7+ {[%emt 0:00:14]} 78. Kxa7 {
[%emt 0:00:02]} e3 {[%emt 0:00:26]} 79. Rb8 {[%emt 0:00:01]} Kd4 {[%emt 0:00:
01]} 80. Kb6 {[%emt 0:00:02]} e2 {[%emt 0:00:03]} 81. Re8 {[%emt 0:00:01]} Kd3
{[%emt 0:00:00]} 82. Kc5 {[%emt 0:00:01]} Kd2 {[%emt 0:00:01]} 83. Rxe2+ {
[%emt 0:00:01]} Kxe2 {[%emt 0:00:02]} 1/2-1/2

[Event "European Rapid Championship 2021"]
[Site "Katowice"]
[Date "2021.12.19"]
[Round "8.20"]
[White "Bjerre, Jonas Buhl"]
[Black "Kos, Pawel"]
[Result "1-0"]
[WhiteElo "2330"]
[BlackElo "2199"]
[Annotator "NA"]
[PlyCount "69"]
[EventDate "2021.12.18"]
[EventType "swiss"]
[EventCountry "POL"]
[SourceTitle "playchess.com"]
[Source "ChessBase"]
[SourceQuality "1"]
[TimeControl "900+10"]

1. d4 {[%emt 0:00:01]} Nf6 {[%emt 0:00:01]} 2. Nf3 {[%emt 0:00:01]} g6 {
[%emt 0:00:06]} 3. c4 {[%emt 0:00:04]} d5 {[%emt 0:00:20]} 4. cxd5 {[%emt 0:00:
08]} Bg7 {[%emt 0:00:04]} 5. Qa4+ {[%emt 0:00:27]} Nbd7 {[%emt 0:00:57]} 6. Nc3
{[%emt 0:00:09]} a6 {[%emt 0:00:07]} 7. e4 {[%emt 0:00:08]} O-O {[%emt 0:00:04]
} 8. Be2 {[%emt 0:00:23]} b5 {[%emt 0:00:32]} 9. Qc2 {[%emt 0:00:13]} Bb7 {
[%emt 0:00:59]} 10. O-O {[%emt 0:00:11]} Nb6 {[%emt 0:00:15]} 11. Ne5 {[%emt 0:
01:48]} b4 {[%emt 0:01:34]} 12. Nd1 {[%emt 0:00:24]} e6 {[%emt 0:00:03]} 13.
dxe6 {[%emt 0:00:12]} Bxe4 {[%emt 0:00:12]} 14. exf7+ {[%emt 0:00:19]} Kh8 {
[%emt 0:01:42]} 15. Qc5 {[%emt 0:00:51]} a5 {[%emt 0:01:54]} 16. Bg5 {[%emt 0:
00:27]} Na4 {[%emt 0:01:40]} 17. Qb5 {[%emt 0:01:50]} Qxd4 {[%emt 0:01:25]} 18.
Nf3 {[%emt 0:00:17]} Qc5 {[%emt 0:02:27]} 19. Bxf6 {[%emt 0:00:36]} Bxf6 {
[%emt 0:00:07]} 20. Qxa4 {[%emt 0:00:11]} Bc6 {[%emt 0:00:41]} 21. Qb3 {
[%emt 0:00:06]} a4 {[%emt 0:00:02]} 22. Qe3 {[%emt 0:01:12]} Qxe3 {[%emt 0:00:
03]} 23. fxe3 {[%emt 0:00:02]} Rad8 {[%emt 0:00:47]} 24. Rc1 {[%emt 0:01:27]}
Bd5 {[%emt 0:00:22]} 25. Bc4 {[%emt 0:00:05]} Be4 {[%emt 0:01:17]} 26. Nd4 {
[%emt 0:00:23]} Bxd4 {[%emt 0:00:12]} 27. exd4 {[%emt 0:00:01]} Rxd4 {[%emt 0:
00:01]} 28. Ne3 {[%emt 0:00:07]} c6 {[%emt 0:00:24]} 29. Rfd1 {[%emt 0:00:05]}
c5 {[%emt 0:00:38]} 30. Rxd4 {[%emt 0:00:08]} cxd4 {[%emt 0:00:01]} 31. Ng4 {
[%emt 0:00:03]} Kg7 {[%emt 0:00:47]} 32. Rd1 {[%emt 0:00:01]} Rd8 {[%emt 0:00:
05]} 33. Ne5 {[%emt 0:00:09]} d3 {[%emt 0:00:40]} 34. Bxd3 {[%emt 0:00:06]} Bd5
{[%emt 0:00:04]} 35. Bc4 {[%emt 0:00:05]} 1-0

[Event "European Rapid Championship 2021"]
[Site "Katowice"]
[Date "2021.12.19"]
[Round "8.20"]
[White "Druckenthaner, Andreas"]
[Black "Hasterok, Mateusz"]
[Result "1-0"]
[WhiteElo "2291"]
[BlackElo "2132"]
[Annotator "NA"]
[PlyCount "45"]
[EventDate "2021.12.18"]
[EventType "swiss"]
[EventCountry "POL"]
[SourceTitle "playchess.com"]
[Source "ChessBase"]
[SourceQuality "1"]
[TimeControl "900+10"]

1. e4 {[%emt 0:00:05]} c5 {[%emt 0:00:01]} 2. Nf3 {[%emt 0:00:04]} e6 {[%emt 0:
00:16]} 3. d4 {[%emt 0:00:02]} cxd4 {[%emt 0:00:01]} 4. Bg5 {[%emt 0:00:02]}
Qa5+ {[%emt 0:00:15]} 5. Nbd2 {[%emt 0:00:02]} Nc6 {[%emt 0:00:15]} 6. Bd3 {
[%emt 0:00:02]} Be7 {[%emt 0:01:17]} 7. Bxe7 {[%emt 0:00:05]} Ngxe7 {[%emt 0:
00:02]} 8. O-O {[%emt 0:00:10]} O-O {[%emt 0:00:08]} 9. Nc4 {[%emt 0:00:24]}
Qc7 {[%emt 0:00:02]} 10. e5 {[%emt 0:00:15]} f5 {[%emt 0:00:40]} 11. exf6 {
[%emt 0:01:22]} Rxf6 {[%emt 0:00:02]} 12. Ng5 {[%emt 0:01:15]} Rh6 {[%emt 0:00:
30]} 13. f4 {[%emt 0:00:24]} d5 {[%emt 0:00:36]} 14. Nd2 {[%emt 0:00:37]} Bd7 {
[%emt 0:01:37]} 15. g3 {[%emt 0:01:37]} e5 {[%emt 0:01:27]} 16. fxe5 {[%emt 0:
02:51]} Qxe5 {[%emt 0:00:01]} 17. Ndf3 {[%emt 0:01:25]} Qe3+ {[%emt 0:00:02]}
18. Kg2 {[%emt 0:01:00]} Ne5 {[%emt 0:02:12]} 19. Nxe5 {[%emt 0:01:13]} Qxg5 {
[%emt 0:03:42]} 20. Nxd7 {[%emt 0:00:26]} Re8 {[%emt 0:00:43]} 21. Qf3 {
[%emt 0:00:32]} Nf5 {[%emt 0:00:55]} 22. Qxf5 {[%emt 0:00:20]} Qe7 {[%emt 0:00:
01]} 23. Rae1 {[%emt 0:00:29]} 1-0

[Event "European Rapid Championship 2021"]
[Site "Katowice"]
[Date "2021.12.19"]
[Round "8.21"]
[White "Krzywda, Andrzej"]
[Black "Kowalski, Igor"]
[Result "0-1"]
[WhiteElo "2123"]
[BlackElo "2295"]
[Annotator "NA"]
[PlyCount "74"]
[EventDate "2021.12.18"]
[EventType "swiss"]
[EventCountry "POL"]
[SourceTitle "playchess.com"]
[Source "ChessBase"]
[SourceQuality "1"]
[TimeControl "900+10"]

1. e4 {[%emt 0:00:01]} g6 {[%emt 0:00:01]} 2. d4 {[%emt 0:00:01]} Bg7 {[%emt 0:
00:01]} 3. Nc3 {[%emt 0:00:01]} d6 {[%emt 0:00:01]} 4. Be3 {[%emt 0:00:06]} a6
{[%emt 0:00:02]} 5. g4 {[%emt 0:00:12]} b5 {[%emt 0:00:05]} 6. Bg2 {[%emt 0:00:
02]} Bb7 {[%emt 0:00:01]} 7. h4 {[%emt 0:00:02]} h6 {[%emt 0:00:29]} 8. h5 {
[%emt 0:00:17]} g5 {[%emt 0:00:01]} 9. Nce2 {[%emt 0:00:08]} Nd7 {[%emt 0:00:
08]} 10. Ng3 {[%emt 0:00:26]} e6 {[%emt 0:00:02]} 11. N1e2 {[%emt 0:01:23]} Ne7
{[%emt 0:00:07]} 12. f4 {[%emt 0:01:15]} gxf4 {[%emt 0:00:09]} 13. Bxf4 {
[%emt 0:00:27]} Nb6 {[%emt 0:01:07]} 14. O-O {[%emt 0:00:59]} Qd7 {[%emt 0:00:
17]} 15. b3 {[%emt 0:03:45]} e5 {[%emt 0:01:01]} 16. dxe5 {[%emt 0:00:29]} Bxe5
{[%emt 0:01:14]} 17. Nd4 {[%emt 0:01:06]} Rg8 {[%emt 0:00:18]} 18. Bxe5 {
[%emt 0:02:14]} dxe5 {[%emt 0:00:06]} 19. Ndf5 {[%emt 0:00:02]} Qxd1 {[%emt 0:
00:31]} 20. Raxd1 {[%emt 0:00:07]} Rxg4 {[%emt 0:00:12]} 21. Kh2 {[%emt 0:01:
37]} Nxf5 {[%emt 0:01:09]} 22. Rxf5 {[%emt 0:00:21]} Nd7 {[%emt 0:00:29]} 23.
Bh3 {[%emt 0:00:35]} Rh4 {[%emt 0:00:19]} 24. Rxf7 {[%emt 0:01:50]} Kxf7 {
[%emt 0:00:27]} 25. Rxd7+ {[%emt 0:00:25]} Kg8 {[%emt 0:05:03]} 26. Nf5 {
[%emt 0:00:16]} Rxh5 {[%emt 0:00:43]} 27. Rxc7 {[%emt 0:01:02]} Bxe4 {[%emt 0:
00:22]} 28. Ng3 {[%emt 0:00:28]} Rh4 {[%emt 0:00:01]} 29. Re7 {[%emt 0:00:11]}
Rd8 {[%emt 0:01:49]} 30. Rxe5 {[%emt 0:00:09]} Rd2+ {[%emt 0:00:11]} 31. Kg1 {
[%emt 0:00:01]} Rxh3 {[%emt 0:00:22]} 32. Nxe4 {[%emt 0:00:07]} Rxc2 {[%emt 0:
00:04]} 33. Re7 {[%emt 0:00:09]} Rd3 {[%emt 0:00:15]} 34. Nf2 {[%emt 0:00:25]}
Rg3+ {[%emt 0:00:06]} 35. Kf1 {[%emt 0:00:06]} Rf3 {[%emt 0:00:01]} 36. Re2 {
[%emt 0:00:13]} Rxe2 {[%emt 0:00:03]} 37. Kxe2 {[%emt 0:00:01]} Rxf2+ {[%emt 0:
00:21]} 0-1

[Event "European Rapid Championship 2021"]
[Site "Katowice"]
[Date "2021.12.19"]
[Round "8.21"]
[White "Grzesik, Gracjan"]
[Black "Kyc, Jerzy"]
[Result "0-1"]
[WhiteElo "1992"]
[BlackElo "2308"]
[Annotator "NA"]
[PlyCount "124"]
[EventDate "2021.12.18"]
[EventType "swiss"]
[EventCountry "POL"]
[SourceTitle "playchess.com"]
[Source "ChessBase"]
[SourceQuality "1"]
[TimeControl "900+10"]

1. c4 {[%emt 0:00:06]} Nf6 {[%emt 0:00:02]} 2. Nc3 {[%emt 0:00:01]} e5 {
[%emt 0:00:01]} 3. Nf3 {[%emt 0:00:03]} Nc6 {[%emt 0:00:01]} 4. g3 {[%emt 0:00:
01]} Bb4 {[%emt 0:00:02]} 5. Bg2 {[%emt 0:00:03]} O-O {[%emt 0:00:02]} 6. O-O {
[%emt 0:00:07]} d6 {[%emt 0:00:06]} 7. d3 {[%emt 0:00:04]} h6 {[%emt 0:00:44]}
8. Bd2 {[%emt 0:00:51]} Be6 {[%emt 0:00:15]} 9. a3 {[%emt 0:00:16]} Bxc3 {
[%emt 0:00:05]} 10. Bxc3 {[%emt 0:00:02]} Qd7 {[%emt 0:00:02]} 11. b4 {[%emt 0:
00:55]} Bh3 {[%emt 0:00:03]} 12. Qb3 {[%emt 0:00:16]} Bxg2 {[%emt 0:00:16]} 13.
Kxg2 {[%emt 0:00:03]} Ne7 {[%emt 0:00:59]} 14. Rac1 {[%emt 0:00:24]} Ng6 {
[%emt 0:00:40]} 15. h3 {[%emt 0:00:32]} Rfe8 {[%emt 0:00:16]} 16. Bb2 {[%emt 0:
00:24]} c6 {[%emt 0:02:54]} 17. Rfe1 {[%emt 0:00:27]} h5 {[%emt 0:00:52]} 18.
e4 {[%emt 0:01:48]} a5 {[%emt 0:00:56]} 19. c5 {[%emt 0:00:20]} axb4 {[%emt 0:
00:08]} 20. axb4 {[%emt 0:00:18]} d5 {[%emt 0:00:51]} 21. exd5 {[%emt 0:05:01]}
Qxd5 {[%emt 0:00:05]} 22. Qxd5 {[%emt 0:00:53]} Nxd5 {[%emt 0:00:01]} 23. Nxe5
{[%emt 0:01:57]} Nxe5 {[%emt 0:01:27]} 24. Bxe5 {[%emt 0:01:28]} Nxb4 {[%emt 0:
00:09]} 25. Bd6 {[%emt 0:00:50]} Nxd3 {[%emt 0:03:08]} 26. Rxe8+ {[%emt 0:00:
44]} Rxe8 {[%emt 0:00:01]} 27. Rc3 {[%emt 0:00:58]} Nb4 {[%emt 0:00:23]} 28.
Rb3 {[%emt 0:00:28]} Re4 {[%emt 0:00:02]} 29. Kf3 {[%emt 0:00:20]} Rc4 {
[%emt 0:00:22]} 30. g4 {[%emt 0:00:18]} h4 {[%emt 0:00:30]} 31. Be7 {[%emt 0:
00:11]} f6 {[%emt 0:00:07]} 32. Bd6 {[%emt 0:00:02]} Kf7 {[%emt 0:00:16]} 33.
Kg2 {[%emt 0:00:16]} g5 {[%emt 0:00:16]} 34. Kf3 {[%emt 0:00:10]} f5 {[%emt 0:
00:20]} 35. gxf5 {[%emt 0:00:07]} Kf6 {[%emt 0:00:01]} 36. Kg2 {[%emt 0:00:10]}
Kxf5 {[%emt 0:00:07]} 37. Rf3+ {[%emt 0:00:08]} Kg6 {[%emt 0:00:02]} 38. Rb3 {
[%emt 0:00:02]} Kh5 {[%emt 0:01:14]} 39. Kh2 {[%emt 0:00:16]} Na6 {[%emt 0:01:
17]} 40. Rxb7 {[%emt 0:00:06]} Nxc5 {[%emt 0:00:01]} 41. Bxc5 {[%emt 0:00:22]}
Rxc5 {[%emt 0:00:01]} 42. Rc7 {[%emt 0:00:09]} Rc3 {[%emt 0:00:24]} 43. Kg2 {
[%emt 0:00:10]} Kg6 {[%emt 0:00:11]} 44. Rc8 {[%emt 0:00:08]} c5 {[%emt 0:00:
13]} 45. Rg8+ {[%emt 0:00:12]} Kf6 {[%emt 0:00:00]} 46. Rf8+ {[%emt 0:00:03]}
Kg7 {[%emt 0:00:01]} 47. Rc8 {[%emt 0:00:01]} c4 {[%emt 0:00:09]} 48. Rc6 {
[%emt 0:00:20]} Kf7 {[%emt 0:00:04]} 49. Kh2 {[%emt 0:00:18]} Ke7 {[%emt 0:00:
47]} 50. Kg2 {[%emt 0:00:08]} Kd7 {[%emt 0:01:05]} 51. Rc5 {[%emt 0:00:11]} Kd6
{[%emt 0:00:01]} 52. Rxg5 {[%emt 0:00:02]} Rd3 {[%emt 0:00:09]} 53. Rg8 {
[%emt 0:00:15]} Kc5 {[%emt 0:00:36]} 54. Rc8+ {[%emt 0:00:06]} Kb4 {[%emt 0:00:
41]} 55. f4 {[%emt 0:00:15]} c3 {[%emt 0:00:03]} 56. f5 {[%emt 0:00:09]} Rd5 {
[%emt 0:00:25]} 57. Kf3 {[%emt 0:00:13]} Rxf5+ {[%emt 0:00:01]} 58. Kg4 {
[%emt 0:00:01]} Rc5 {[%emt 0:00:02]} 59. Rb8+ {[%emt 0:00:04]} Ka3 {[%emt 0:00:
24]} 60. Rb1 {[%emt 0:00:03]} Rc4+ {[%emt 0:00:06]} 61. Kg5 {[%emt 0:00:09]} c2
{[%emt 0:00:02]} 62. Rc1 {[%emt 0:00:04]} Kb2 {[%emt 0:00:01]} 0-1

[Event "European Rapid Championship 2021"]
[Site "Katowice"]
[Date "2021.12.19"]
[Round "8.22"]
[White "Demchenko, Anton"]
[Black "Kolasa, Pjotrs"]
[Result "1-0"]
[WhiteElo "2666"]
[BlackElo "2051"]
[Annotator "TA"]
[PlyCount "47"]
[EventDate "2021.12.18"]
[EventType "swiss"]
[EventCountry "POL"]
[SourceTitle "playchess.com"]
[Source "ChessBase"]
[SourceQuality "1"]

{[%evp 13,47,33,34,33,25,29,42,43,49,56,81,75,71,84,79,85,76,69,83,96,143,122,
118,125,491,312,560,540,550,535,923,669,1125,752,749,476]} 1. e4 e5 2. Nf3 Nc6
3. Bc4 Nf6 4. d3 Be7 5. O-O O-O 6. Re1 d6 7. a4 Be6 8. Bxe6 {C55: Two Knights:
4 d3, 4 d4 exd4 5 e5 and Max Lange Attack.} fxe6 9. c3 {[%cal Bc2c3,Bc3d4]
[%mdl 32]} Qd7 {9...Qe8 deserves study.} 10. b4 {[%cal Bb2b4,Bb4b5][%mdl 32]
White is slightly better.} Rae8 11. Nbd2 Bd8 12. b5 Ne7 13. d4 exd4 14. cxd4
Ng6 15. Ba3 {[#]} h6 $146 ({Predecessor:} 15... Nf4 16. Nc4 Be7 17. Qb3 h6 18.
g3 Ng6 19. Rac1 Rf7 20. Rc3 Ref8 21. Re2 Ng4 {1-0 (65) Rubinas,P (2529)-Merilo,
J (2420) ICCF email 2017}) 16. Qc2 {[#] Threatens to win with e5.} Qf7 ({
Better is} 16... Nh7) 17. e5 $16 {[%cal Be4e5,Be5d6,Bd6d7][%mdl 32] White is
more active.} Nd5 18. exd6 Ngf4 $2 {[%mdl 8192] Loses the game.} (18... cxd6
$16 19. Bxd6 Be7 20. Bxe7 Rxe7) 19. d7 Re7 $2 {[#]} (19... Qxd7 {might work
better.} 20. Bxf8 Rxf8) 20. Ne5 $18 {White is clearly winning.} Qh5 21. Ne4 Rf5
22. Bxe7 Bxe7 23. Qd1 Qh4 24. Qg4 {Weighted Error Value: White=0.35/Black=0.86}
1-0

[Event "European Rapid Championship 2021"]
[Site "Katowice"]
[Date "2021.12.19"]
[Round "8.22"]
[White "Rozman, Monika"]
[Black "Wisniewski, Michal"]
[Result "1-0"]
[WhiteElo "1998"]
[BlackElo "2248"]
[Annotator "NA"]
[PlyCount "49"]
[EventDate "2021.12.18"]
[EventType "swiss"]
[EventCountry "POL"]
[SourceTitle "playchess.com"]
[Source "ChessBase"]
[SourceQuality "1"]
[TimeControl "900+10"]

1. e4 {[%emt 0:00:00]} Nf6 {[%emt 0:00:03]} 2. Nc3 {[%emt 0:00:03]} d6 {
[%emt 0:00:03]} 3. d4 {[%emt 0:00:02]} g6 {[%emt 0:00:02]} 4. Be3 {[%emt 0:00:
11]} Bg7 {[%emt 0:00:03]} 5. h3 {[%emt 0:00:17]} c6 {[%emt 0:00:15]} 6. f4 {
[%emt 0:00:22]} Qa5 {[%emt 0:00:45]} 7. Qd2 {[%emt 0:00:12]} Nbd7 {[%emt 0:00:
16]} 8. Nf3 {[%emt 0:00:27]} O-O {[%emt 0:00:20]} 9. Bd3 {[%emt 0:00:45]} e5 {
[%emt 0:00:13]} 10. O-O {[%emt 0:00:19]} Re8 {[%emt 0:00:15]} 11. Rae1 {
[%emt 0:00:31]} b5 {[%emt 0:00:04]} 12. fxe5 {[%emt 0:01:10]} dxe5 {[%emt 0:00:
02]} 13. dxe5 {[%emt 0:01:41]} Nh5 {[%emt 0:01:35]} 14. e6 {[%emt 0:00:02]}
Rxe6 {[%emt 0:00:01]} 15. Ng5 {[%emt 0:00:13]} Re7 {[%emt 0:00:01]} 16. Nd5 {
[%emt 0:00:04]} Qd8 {[%emt 0:00:11]} 17. Nxe7+ {[%emt 0:00:05]} Qxe7 {[%emt 0:
00:01]} 18. Rxf7 {[%emt 0:00:28]} Qe5 {[%emt 0:00:03]} 19. Ref1 {[%emt 0:01:20]
} h6 {[%emt 0:00:27]} 20. Nf3 {[%emt 0:00:08]} Qe6 {[%emt 0:01:24]} 21. Nd4 {
[%emt 0:00:16]} Qd6 {[%emt 0:00:01]} 22. Nb3 {[%emt 0:00:30]} Ne5 {[%emt 0:00:
04]} 23. Bc5 {[%emt 0:00:55]} Qe6 {[%emt 0:00:40]} 24. Re7 {[%emt 0:01:36]} Nc4
{[%emt 0:00:34]} 25. Rxe6 {[%emt 0:00:11]} 1-0